Pojistky a bezpečnost samonabíjecích pistolí (1)

Bibliographic Details
Main Author: Mikyna, František (Author)
Format: Article
Language:Czech
PhysicalDescription:Fotogr.
ISSN:1212-5210
Subjects:
Online Access:http://www.rf-hobby.cz

MARC

LEADER 00000nab a2200000 a 4500
001 vtls010326178
003 SK-MaSNL
005 20260303091139.0
008 111125 2011 xo m p 000 0 cze
015 |a SNBRB2011/11  |2 lmaosk 
040 |a LMAOSK  |b slo  |c LMAOSK  |e AACR2 
041 0 |a cze 
044 |a xo  |c SK 
080 |a 623.443.3  |2 2001 
100 1 |a Mikyna, František  |4 aut  |9 1085898 
245 1 0 |a Pojistky a bezpečnost samonabíjecích pistolí (1)  |c František Mikyna 
300 |b Fotogr. 
650 0 7 |a pištole  |2 SNKPH  |9 13774 
650 0 7 |a samonabíjacie pištole  |2 lmaosk  |9 1039520 
650 0 7 |a poistné mechanizmy  |2 lmaosk  |9 1099038 
650 0 7 |a poistky  |x pištole  |2 lmaosk  |9 1099039 
773 0 |t Zbraně & náboje : časopis muže, který zná svůj cíl  |g Roč. XIII, č. 12 (2011), s. 95-97  |x 1212-5210 
852 |a LMAOSK  |b KIS3GCP 
856 4 1 |u http://www.rf-hobby.cz 
958 |a CZ 
999 |c 1806331  |d 1808261